01203cam a2200217 a 4500020002200000020002200022050001600044100002000060245010400080250003100184260006400215300003600279505050200315650002900817650002600846650002500872650002300897650002000920700002000940700002500960 a0521655382 (pbk.) a0521563305 (hard)00aBF145b.A23 a Roger Penrose04aThe large, the small, and the human mind /cRoger Penrose ... [et al.] ; edited by Malcolm Longair. a1st pbk. ed., new and rev. aCambridge ;aNew York :bCambridge University Press,c1999. axviii, 201 p. :bill. ;c22 cm. aPreface Malcolm Longair; 1. Space-time and cosmology Roger Penrose; 2. The mysteries of quantum physics Roger Penrose; 3. Physics and the mind Roger Penrose; 4. On mentality, quantum mechanics and the actualization of potentialities Abner Shimony; 5. Why physics? Nancy Cartwright; 6. The objections of an unashamed reductionist Stephen Hawking; 7. Reply Roger Penrose; Appendix I: a new example of Goedel's theorem; Appendix II: proposal for a physical experiment to test quantum state reduction. 0aArtificial intelligence. 0aThought and thinking. 0aPhysicsxPhilosophy. 0aGödel's theorem. 0aQuantum theory.1 aPenrose, Roger.1 aLongair, Malcolm S.,